El fin del envejecimiento : ciencia y longevidad /

Uloženo v:
Podrobná bibliografie
Hlavní autor: Kirkwood, Tom (autor)
Médium: Kniha
Jazyk:španělština
Vydáno: Barcelona, España : Tusquets, 2000, c2000
Edice:(Metatemas ; 64)
Témata:
Tagy: Přidat tag

MARC

LEADER 00000nam^a2200000^a^4500
001 000145562
005 20250521000000.0
009 20260526124351.591
020 |a 84-8310-706-6 
037 |a Acervo ITESO - Biblioteca 
041 |a ESP 
082 |a 618. 97  |b KIR 
100 |a Kirkwood, Tom  |e (autor) 
245 1 3 |a El fin del envejecimiento :  |b ciencia y longevidad /  |c T. Kirkwood ; tr. por José Chabás. 
264 4 |a Barcelona, España :  |b Tusquets,  |c 2000, c2000 
300 |a 290 p. 
336 |a texto  |b txt  |2 rdacontenido 
337 |a sin mediación  |b n  |2 rdamedio 
338 |a volumen  |b nc  |2 rdasoporte 
440 1 |a (Metatemas ;  |v 64) 
500 |a Traducción de: Time of Our Lives. The Science of Human Ageing 
649 |a XX 
650 |a Ancianos -  |x Cuidado e Higiene 
650 |a Cáncer 
650 |a Enfermedades 
650 |a Menopausia 
650 |a Nutrición 
650 |a Gerontología 
650 |a Salud 
650 |a Medicina 
910 |a Fondo General 
920 |a Impresos - Libros 
930 |a Colección General 
905 |a 101 
901 |a 0500074868  |b IT1  |c ACC  |u 20250521 
902 |a https://opac.biblio.iteso.mx/vufind/Record/000145562